Tratados filosóficos / (Record no. 170470)

MARC details
000 -LEADER
campo de control de longitud fija 01156nam a2200289 i 4500
001 - NÚMERO DE CONTROL
campo de control 170470
003 - IDENTIFICADOR DE NÚMERO DE CONTROL
campo de control ES-MaACL
005 - FECHA Y HORA DE LA ÚLTIMA TRANSACCIÓN
campo de control 20250804043928.0
007 - CAMPO FIJO DE DESCRIPCIÓN FÍSICA--INFORMACIÓN GENERAL
campo de control de longitud fija t|
008 - DATOS DE LONGITUD FIJA--INFORMACIÓN GENERAL
campo de control de longitud fija 090306s1968 mx ||||1| spa d
080 ## - NÚMERO DE LA CLASIFICACIÓN DECIMAL UNIVERSAL
Número de la Clasificación Decimal Universal 871-96"01"=00
080 ## - NÚMERO DE LA CLASIFICACIÓN DECIMAL UNIVERSAL
Número de la Clasificación Decimal Universal 807.1-88
100 1# - ENTRADA PRINCIPAL--NOMBRE DE PERSONA
Nombre de persona Apuleyo, Lucio.
9 (RLIN) 22131
245 10 - MENCIÓN DEL TÍTULO
Título Tratados filosóficos /
Mención de responsabilidad, etc. Apuleyo ; introducción, versión española y notas de Antonio Camarero.
250 ## - MENCION DE EDICION
Mención de edición 1ª ed.
260 ## - PUBLICACIÓN, DISTRIBUCIÓN, ETC.
Lugar de publicación, distribución, etc. México :
Nombre del editor, distribuidor, etc. Universidad Nacional Autónoma,
Fecha de publicación, distribución, etc. 1968.
300 ## - DESCRIPCIÓN FÍSICA
Extensión LIV, 23 p. dupl., LIX-LXXIII, 24-86 p. dupl., LXXIX-LXXXVIII, 87-123 dupl., XCI-CXLV p. ;
Dimensiones 21 cm.
490 1# - MENCIÓN DE SERIE
Mención de serie Bibliotheca Scriptorum Graecorum et Romanorum Mexicana
546 ## - NOTA DE IDIOMA
Nota de lengua/lenguaje Texto paralelo en latín y castellano; en las p. dupl.
594 ## - Nota al título y mención de responsabilidad
Nota al título y mención de responsabilidad Precede al tít.: Apuleii de philosophia libri.
650 04 - PUNTO DE ACCESO ADICIONAL DE MATERIA--TÉRMINO DE MATERIA
Término de materia o nombre geográfico como elemento de entrada Lengua latina-
Subdivisión de forma Textos.
9 (RLIN) 14307
650 #7 - PUNTO DE ACCESO ADICIONAL DE MATERIA--TÉRMINO DE MATERIA
Término de materia o nombre geográfico como elemento de entrada Filosofía antigua
Fuente del encabezamiento o término embne
9 (RLIN) 138724
700 0# - ENTRADA AGREGADA--NOMBRE PERSONAL
Nombre de persona Camarero, Antonio.
9 (RLIN) 34003
830 0# - PUNTO DE ACCESO ADICIONAL DE SERIE-TÍTULO UNIFORME
Título uniforme Bibliotheca Scriptorum Graecorum et Romanorum Mexicana
9 (RLIN) 191887
852 4# - LOCALIZACIÓN
Ubicación ES-MaACL
Número de control de estantería E-12491
itemnumber R.140096
Nota libre . - Biblioteca Jacinto Martínez Lacalle
Holdings
Estatus retirado Estado de pérdida Estado de daño No para préstamo Biblioteca de origen Biblioteca actual Ubicación en estantería Fecha de adquisición Fuente de adquisición Total de préstamos Signatura topográfica completa Código de barras Visto por última vez Precio de reemplazo Tipo de ítem Koha
        Biblioteca del Ateneo de Madrid Biblioteca del Ateneo de Madrid Depósito 2 06/03/2009     E-12491 1178921 23/02/2023 23/02/2023 Libro impreso